Statistics for U.S. States A-Z

Click here to take the quiz!

General Stats

  • This quiz has been taken 40 times
  • The average score is 18 of 19

Answer Stats

LetterCountry% Correct
AAlabama, Alaska, Arizona...
100%
CCalifornia, Colorado, Connecticut
97%
VVermont, Virginia
97%
UUtah
97%
TTennessee, Texas
97%
RRhode Island
97%
OOhio, Oklahoma, Oregon
97%
NNebraska, Nevada, New Hampshire...
97%
MMaine, Maryland, Massachusetts...
97%
KKansas, Kentucky
97%
IIdaho, Illinois, Indiana...
97%
HHawaii
97%
GGeorgia
97%
FFlorida
97%
DDelaware
97%
WWest Virginia, Washington, Wisconsin...
97%
LLouisiana
95%
PPennsylvania
95%
SSouth Carolina, South Dakota
95%

Score Distribution

Percentile by Number Answered

Percent of People with Each Score

Your Score History

You have not taken this quiz